<?xml version="1.0" encoding="UTF-8"?>
<record
    xmlns:xsi="http://www.w3.org/2001/XMLSchema-instance"
    xsi:schemaLocation="http://www.loc.gov/MARC21/slim http://www.loc.gov/standards/marcxml/schema/MARC21slim.xsd"
    xmlns="http://www.loc.gov/MARC21/slim">

  <leader>05236nam a2200289   4500</leader>
  <controlfield tag="001"> 00986761</controlfield>
  <controlfield tag="003">DO-SdBNP</controlfield>
  <controlfield tag="005">20180205150801.0</controlfield>
  <controlfield tag="007">  00986762</controlfield>
  <controlfield tag="008">920725s 1997  mx                  spa  </controlfield>
  <datafield tag="010" ind1=" " ind2=" ">
    <subfield code="a"> </subfield>
  </datafield>
  <datafield tag="016" ind1="7" ind2=" ">
    <subfield code="a"> </subfield>
    <subfield code="z"> </subfield>
    <subfield code="2">BPMSU</subfield>
  </datafield>
  <datafield tag="020" ind1=" " ind2=" ">
    <subfield code="a">9701011716</subfield>
  </datafield>
  <datafield tag="035" ind1=" " ind2=" ">
    <subfield code="a"> </subfield>
  </datafield>
  <datafield tag="040" ind1=" " ind2=" ">
    <subfield code="a">BPMSU</subfield>
    <subfield code="b">spa</subfield>
    <subfield code="c">BPMSU</subfield>
  </datafield>
  <datafield tag="080" ind1=" " ind2="0">
    <subfield code="a"> </subfield>
  </datafield>
  <datafield tag="100" ind1="2" ind2=" ">
    <subfield code="a"> G&#xF3;mez Ceja, Guillermo</subfield>
  </datafield>
  <datafield tag="245" ind1="1" ind2="0">
    <subfield code="a">Sistemas administrativos : </subfield>
    <subfield code="b">an&#xE1;lisis y dise&#xF1;o / </subfield>
    <subfield code="h"> Guellermo G&#xF3;mez Ceja </subfield>
    <subfield code="c"> </subfield>
  </datafield>
  <datafield tag="260" ind1=" " ind2=" ">
    <subfield code="a">M&#xE9;xico : </subfield>
    <subfield code="b"> McGraw-Hill,</subfield>
    <subfield code="c">2003</subfield>
  </datafield>
  <datafield tag="300" ind1=" " ind2=" ">
    <subfield code="a">290 p. : </subfield>
    <subfield code="c">il.,gr&#xE1;ficos, tablas, </subfield>
    <subfield code="b">28 cm. </subfield>
  </datafield>
  <datafield tag="505" ind1=" " ind2=" ">
    <subfield code="t">Contenidos:
Introducci&#xF3;n XIII -- Pr&#xF3;logo XV -- I.- ADMINISTRACION Y SISTEMAS -- CONCEPTOS BASICOS EN SISTEMAS -- Conceptos 3 -- Clasificaci&#xF3;n de los sistemas 5 -- Importancia de los sistemas 8 -- Caracter&#xED;sticas de los sistemas 9 -- Principios de los sistemas 10 -- Componentes de los sistemas 10 -- TEORIA GENERAL DE SISTEMAS -- Metodolog&#xED;a para la investigaci&#xF3;n de los sistemas generales 15 -- La teor&#xED;a de los sistemas aplicada a las organizaciones 18 -- EL ENFOQUE DE SISTEMAS COMO PERSPECTIVA EN EL DESARROLLO DE LAS ORGANIZACIONES -- Alcance conceptual 29 -- Clases de sistemas 30 -- Amplitud de las &#xE1;reas de aplicaci&#xF3;n y ventajas 31 -- Administraci&#xF3;n p&#xFA;blica y privada como un conjunto de sistemas 34 -- La administraci&#xF3;n p&#xFA;blica como sistema 39 -- Enfoque sist&#xE9;mico en la administraci&#xF3;n p&#xFA;blica 42 -- Identificaci&#xF3;n y jerarquizaci&#xF3;n de los sistemas y procedimientos de trabajo 44 -- INTRODUCCION AL ESTUDIO DE LOS SISTEMAS ADMINISTRATIVOS -- El enfoque de los sistemas administrativos en la organizaciones 49 -- Conceptos b&#xE1;sicos 51 -- Las &#xE1;reas de asesor&#xED;a en el sector p&#xFA;blico y privado para el dise&#xF1;o de sistemas administrativos 55 -- Estructura de las UOM 66 -- Unidad de control de gesti&#xF3;n 67 -- Alcance del estudio de los sistemas administrativos 75 -- El analista de sistema 75 -- El administrador como analista de sistemas 76 -- Las cualidades personales y el adiestramiento 77 -- El contexto operacional de los sistemas 78 -- Proposiciones para est&#xE1;ndares de descripci&#xF3;n de puestos para el &#xE1;rea de sistemas computarizados 80 -- DIAGRAMAS DE PROCEDIMIENTOS PARA EL ESTUDIO Y ANALISIS DE SISTEMAS -- Diagramas de procedimientos 93 -- Conceptos generales de diagramas 94 -- M&#xE9;todos para formular diagramas 95 -- Simbolog&#xED;a b&#xE1;sica 96 -- Clasificaci&#xF3;n de los diagramas 96 -- Diagramas de flujo (fluxogramas) 99 -- Reglas generales para la elaboraci&#xF3;n de diagramas 103 -- Presentaci&#xF3;n de las formas en el diagrama 109 -- Simbolog&#xED;a para diagramas de flujo o fluxogramas 112 -- Requisitos para diagramar 117 -- Formatos para captura de informaci&#xF3;n 118 -- ELABORACION DE MANUALES DE PROCEDIMIENTOS -- Conceptos y objetivos 125 -- Clasificaci&#xF3;n seg&#xFA;n su &#xE1;rea de aplicaci&#xF3;n 127 -- Metodolog&#xED;a de trabajo para el estudio de procedimientos 128 -- Dise&#xF1;o de procedimientos 137 -- El manual de procedimientos 138 -- De la presentaci&#xF3;n, autorizaci&#xF3;n, distribuci&#xF3;n y actualizaci&#xF3;n del manual e instructivos de procedimientos 148 -- II.- PLANEACION Y DESARROLLO DE SISTEMAS -- COMO SE PROYECTA UN SISTEMA 159 -- Necesidad de proyectar sistemas administrativos 159 -- Detecci&#xF3;n de la necesidad 160 -- Definici&#xF3;n de objetivos 161 -- Fijaci&#xF3;n de pol&#xED;ticas 162 -- Planes y programas 163 -- Documentaci&#xF3;n 163 -- Comunicaci&#xF3;n 164 -- La responsabilidad en la planeaci&#xF3;n del sistema 164 -- PLANEACION Y DESARROLLO DE SISTEMAS 171 -- Conceptos 172 -- Fases del proceso de planeaci&#xF3;n de sistemas 172 -- Fases del proceso de desarrollo de sistemas 185 -- III.- METODOLOGIA DE ESTUDIOS DE SISTEMAS -- ESTUDIO Y DISE&#xD1;O DE SISTEMAS 197 -- Barreras y requerimientos de usuarios y del equipo de trabajo 200 -- La percepci&#xF3;n de la gerencia 200 -- Dise&#xF1;o integral del sistema 201 -- COMPRENSION DEL SISTEMA ACTUAL 203 -- Compilaci&#xF3;n de la informaci&#xF3;n 203 -- &#xC1;reas de investigaci&#xF3;n 210 -- Registro y documentaci&#xF3;n del sistema actual 214 -- Documentaci&#xF3;n del sistema actual 217 -- ANALISIS DE SISTEMAS 219 -- El proceso de an&#xE1;lisis 221 -- Criterios b&#xE1;sicos para el an&#xE1;lisis de sistemas 225 -- M&#xE9;todo del an&#xE1;lisis de sistemas 226 -- Elementos y t&#xE9;cincas a utilizar en el an&#xE1;lisis 230 -- DISE&#xD1;O DE SISTEMAS 243 -- Los principios b&#xE1;sicos de la organizaci&#xF3;n, como criterios para el dise&#xF1;o de una organizaci&#xF3;n 244 -- Dise&#xF1;o del nuevo sistema 246 -- Requerimientos del nuevo sistema o modificaci&#xF3;n de la anterior 253 -- ESTUDIO DE SISTEMAS DE INFORMACION ORIENTADOSAL USO DE COMPUTADORAS 257 -- Planeaci&#xF3;n y definici&#xF3;n de sistemas 257 -- Dise&#xF1;o preliminar 259 -- Dise&#xF1;o detallado 261 -- Construcci&#xF3;n del sistema 264 -- Implantaci&#xF3;n 266 -- LA DOCUMENTACION DE LOS SISTEMAS 269 -- Carpeta administrativa 271 -- Carpeta de usuario 272 -- Carpeta de captaci&#xF3;n 272 -- Carpeta de programaci&#xF3;n 273 -- Carpeta de operaci&#xF3;n 274 -- IMPLANTACION DE SISTEMAS 277 -- M&#xE9;todos de implantaci&#xF3;n 279 -- Plan de implantaci&#xF3;n 281 -- Evaluaci&#xF3;n del sistema 284 -- Bibliograf&#xED;a 285 -- Indice tem&#xE1;tico 287
</subfield>
  </datafield>
  <datafield tag="650" ind1=" " ind2="7">
    <subfield code="a">Gesti&#xF3;n de recursos humanos</subfield>
    <subfield code="2"> </subfield>
  </datafield>
  <datafield tag="700" ind1="1" ind2=" ">
    <subfield code="a"> </subfield>
  </datafield>
  <datafield tag="942" ind1=" " ind2=" ">
    <subfield code="2">ddc</subfield>
    <subfield code="c">BK</subfield>
  </datafield>
  <datafield tag="945" ind1=" " ind2=" ">
    <subfield code="a">Inventariado, 2018/ YL</subfield>
  </datafield>
  <datafield tag="952" ind1=" " ind2=" ">
    <subfield code="0">0</subfield>
    <subfield code="1">0</subfield>
    <subfield code="2">ddc</subfield>
    <subfield code="4">0</subfield>
    <subfield code="7">0</subfield>
    <subfield code="8">CG</subfield>
    <subfield code="a">BPMET</subfield>
    <subfield code="b">BPMET</subfield>
    <subfield code="d">2016-06-06</subfield>
    <subfield code="e">Donado por BNPHU</subfield>
    <subfield code="l">0</subfield>
    <subfield code="p">BPMSU16060067</subfield>
    <subfield code="r">2016-06-06</subfield>
    <subfield code="t"> </subfield>
    <subfield code="w">2016-06-06</subfield>
    <subfield code="y">BK</subfield>
  </datafield>
  <datafield tag="956" ind1=" " ind2=" ">
    <subfield code="a"> VMATEO</subfield>
    <subfield code="b">10</subfield>
    <subfield code="c">20160606</subfield>
    <subfield code="d">BPMSU</subfield>
    <subfield code="f">0069</subfield>
  </datafield>
  <datafield tag="999" ind1=" " ind2=" ">
    <subfield code="c">10278</subfield>
    <subfield code="d">10278</subfield>
  </datafield>
</record>
